Kraje w Europie bez dostępu do morza. - Statystyki

Ogólne statystyki
  • Ten quiz został rozwiązany 379 razy
  • Średni wynik to 13 z 15
Statystyki odpowiedzi
Kraj % Poprawnych
Czechy
97%
Słowacja
96%
Austria
92%
Serbia
90%
Węgry
90%
Luksemburg
89%
Szwajcaria
89%
Watykan
89%
Andora
86%
Liechtenstein
86%
Białoruś
85%
San Marino
84%
Macedonia Północna
82%
Kosowo
81%
Mołdawia
80%
Nie znaleziono quizów pasujących do podanych kryteriów
Rozkład punktacji
Procent ludzi z każdym wynikiem
Percentyl według liczby udzielonych odpowiedzi
Twoja historia wyników
Nie rozwiązałeś tego quizu